书目信息 |
| 题名: |
英汉生物学词汇
|
|
| 作者: | ;科学出版社名词室 编著 | |
| 分册: | ||
| 出版信息: | 北京 科学出版社 2003.12 |
|
| 页数: | 2020页 | |
| 开本: | 大32开 | |
| 丛书名: | ||
| 单 册: | ||
| 中图分类: | Q-61 | |
| 科图分类: | ||
| 主题词: | 生物学-词汇-英、汉 | |
| 电子资源: | ||
| ISBN: | 7-03-011272-5 | |
| 000 | 00869nam0 2200229 450 | |
| 001 | 012001016115 | |
| 005 | 20050913164558.50 | |
| 010 | @a7-03-011272-5@b精装@dCNY 110.00 | |
| 100 | @a20021211d2002 ekmy0chiy0121 ea | |
| 101 | @achi | |
| 102 | @aCN@b110000 | |
| 105 | @ay z 000yy | |
| 200 | 1 | @a英汉生物学词汇@Aying han sheng wu xue ci hui@f科学出版社名词室编著 |
| 205 | @a3版 | |
| 210 | @a北京@c科学出版社@d2003.12 | |
| 215 | @a2020页@d大32开 | |
| 330 | @a本书是《英汉生物学词汇(第二版)》的增修订本。是一部结合生命科学各分支学科词汇的大型工具书。收有动物学、植物学、人体解剖学、组织胚胎学、微生物学、遗传学、细胞学、生物化学、生物物理学、生物工程、分子生物学、生态学等学科以及医学、农学的名词术语。共约14万条。 | |
| 606 | @a生物学-词汇-英、汉 | |
| 690 | @aQ-61@v4 | |
| 711 | 02 | @a科学出版社名词室@4编著 |
| 801 | 0 | @c20050913 |
| 905 | @a10447@dQ-61@eK549 | |
| 英汉生物学词汇/科学出版社名词室编著.-3版.-北京:科学出版社,2003.12 |
| 2020页;大32开 |
| ISBN 7-03-011272-5(精装):CNY 110.00 |
| 本书是《英汉生物学词汇(第二版)》的增修订本。是一部结合生命科学各分支学科词汇的大型工具书。收有动物学、植物学、人体解剖学、组织胚胎学、微生物学、遗传学、细胞学、生物化学、生物物理学、生物工程、分子生物学、生态学等学科以及医学、农学的名词术语。共约14万条。 |
| ● |
| 相关链接 |
|
|
|
正题名:英汉生物学词汇
索取号:Q-61/K549
 
预约/预借
| 序号 | 登录号 | 条形码 | 馆藏地/架位号 | 状态 | 备注 |
| 1 | 543222 | 205432227 | 自科库401/401自科库 24排2列3层/ [索取号:Q-61/K549] | 在馆 | |
| 2 | 543223 | 205432236 | 自科库401/401自科库 24排2列3层/ [索取号:Q-61/K549] | 在馆 | |
| 3 | 543224 | 205432245 | 自科库401/401自科库 24排2列3层/ [索取号:Q-61/K549] | 在馆 | |
| 4 | 551620 | 205516208 | 自科库401/401自科库 24排2列3层/ [索取号:Q-61/K549] | 在馆 |